La profesin̤ va por dentro

Detalles Bibliográficos
Autor principal: Javier Lp̤ez, Pedro
Formato: eBook
Lenguaje:español
Materias:
Acceso en línea:Acceso restringido

MARC

LEADER 00000nam a22000007a 4500
005 20120105141214.0
007 cr|||| ||||
008 120105s2011 ck |||||s|||| 00||0 spa d
020 |a 978-958-738-130-6 
035 |a 6129 
040 |a vLex 
090 |c 2892  |d 2892 
100 1 |a Javier Lp̤ez, Pedro 
245 1 3 |a La profesin̤ va por dentro  |h [Recurso electrn̤ico] /  |c Pedro Javier Lp̤ez 
256 |a Servicio en ln̕ea 
300 |a 1 recurso electrn̤ico 
506 1 |a Contenido solo disponible en los productos indicados  |d vLex Global  |d vLex Global (Academic Edition, excluding Law Schools)   |d vLex Global (U.S. Academic Edition, Law Schools)   |d vLex Global (U.S. Academic Edition, excluding Law Schools)   |d vLex Global (Academic Edition, Law Schools)  
650 0 4 |a Orientacin̤ profesional  |z Colombia 
740 0 |a vLex Libros (Servicio en ln̕ea) 
856 4 0 |u http://vlex.com/source/profesion-6129  |z Acceso restringido 
942 |c BOOK 
999 0 |a Vocational guidance